Hong Kong 1980s famous singers - Statistics

General Stats
  • This quiz has been taken 18 times
  • The average score is 8 of 16
Answer Stats
Picture Answer % Correct
Anita Mui
94%
Leslie Cheung
88%
Alan Tam
81%
Danny Chan
81%
George Lam
81%
Jacky Cheung
75%
Priscilla Chan
63%
Sam Hui
56%
Roman
44%
Paula Tsui
38%
David Lui
31%
Liza
31%
Kenny Chung
19%
Deanie Ip
13%
Kenneth Choi
13%
Michael Kwan
13%
No matching quizzes found
Score Distribution
Percent of People with Each Score
Percentile by Number Answered
Your Score History
You have not taken this quiz